| 000 | 00407nam a2200145 a 4500 | ||
|---|---|---|---|
| 001 | 000033779 | ||
| 005 | 20200930070519.0 | ||
| 008 | 110909s1929 ht 000 0 spa d | ||
| 040 |
_aDO-SdBNP _bspa _cBNPHU |
||
| 100 | 1 |
_aBellegarde, Antés _959205 |
|
| 245 | 1 | 0 |
_aPour une Haiti heureuse / _cAntés Bellegarde. |
| 260 |
_aPort Au-Prince : _bChéraquit, _c1929. |
||
| 300 |
_a456 p. ; _c24 cm. |
||
| 049 | _aBNPD | ||
| 999 |
_c33270 _d33270 |
||